000 00857cam a22002777a 4500
003 CHAP
005 20220329141033.0
008 971013c19841973 r 00010 d
010 _a61661
011 _a62633
035 _a66808
040 _cCHAP
082 _a658
_bM5Y
100 0 0 _aMiner,John B.
_975930
245 1 3 _aEl proceso administrativo
_b: teoria, investigación y práctica
_c/por John B. Miner
260 _aMéxico ; CECSA,
_c1982 c 1973.
300 _a558 p.
590 _aBATCH-UPD
_b10
_c20130110
_lUCH01
_h0317
590 _aBATCH-UPD
_b10
_c20130409
_lUCH01
_h2350
590 _aBATCH-UPD
_b10
_c20130913
_lUCH01
_h1944
590 _aCONVERSION
_b10
_c20130109
_lUCH01
_h1333
650 1 4 _aAdministración de empresas.
_9922
901 _aBK
942 _cLIBRO
949 _a658 M5Y
_bBC
_cLIBRO
_d33724000607099
_eLIBRO
_fc.2
_h62916
_i66808
_si
999 _c61661
_d61661